[Event "22nd OIBM 2018"]
[Site "Gmund am Tegernsee"]
[Date "2018.10.31"]
[Round "5"]
[White "Koch, Yannick"]
[Black "Schaefer, Michael"]
[Result "1/2-1/2"]
[WhiteElo "2048"]
[BlackElo "2185"]
[Annotator "TA"]
[PlyCount "77"]
[EventDate "2018.10.27"]
[EventType "swiss"]
[EventCountry "GER"]
[SourceTitle "playchess.com"]
[Source "ChessBase"]
[SourceQuality "1"]

{[%evp 17,77,-1,13,-35,-34,-15,23,0,0,0,0,0,0,0,0,0,30,25,52,33,33,24,66,53,71,48,51,32,32,24,39,18,35,23,55,39,70,70,70,70,70,70,70,70,70,70,70,70,70,70,70,70,80,71,75,0,88,83,96,81,104,104]} 1. d4 d5 2. c4 e6 3. Nc3 Be7 4. cxd5 exd5 5. Bf4 c6 6. e3 Bf5 7. g4 Be6 8. h4 {[%cal Bh2h4,Bh4h5][%mdl 32]} Nd7 9. h5 {D31: Queen's Gambit Declined: Semi-Slav without ...Nf6 (+ Marshall Gambit and Noteboom) and Exchange Variation lines without ...Nf6} (9. g5 h6 10. g6 fxg6 11. Bd3 Nf8 12. Nf3 Bg4 13. Rg1 Nf6 14. Rg3 g5 15. hxg5 hxg5 16. Bxg5 Rh1+ {½-½ (45) So,W (2822)-Akobian,V (2645) Saint Louis 2017 CBM 178 [Moradiabadi,E]}) 9... Nh6 {LiveBook: 25 Games} 10. Bxh6 (10. Be2 {seems wilder.} Nb6 11. a4 Nc4 12. Kf1 f5 13. gxf5 Nxf5 14. b3) 10... gxh6 11. Bd3 {Black is slightly better.} Qc7 $146 ({Predecessor:} 11... O-O 12. f4 Nf6 13. f5 Bd7 14. Qf3 c5 15. Nge2 c4 16. Bc2 Bc6 {½-½ (34) Sieciechowicz,M (2214)-Goganov,A (2309) Sibenik 2007}) 12. Qe2 O-O-O 13. O-O-O Kb8 14. Nh3 {[%cal Bg1h3,Bh3f4,Bf4g2][%mdl 32]} Nb6 15. Nf4 Bc8 16. Kb1 Bd6 17. Ng2 Qe7 18. Nh4 Bb4 19. Rc1 Be6 20. Nf5 Qf6 21. Qf3 Bxf5 22. Qxf5 Qxf5 23. Bxf5 Nc4 24. Kc2 Nd6 25. Bd3 Rde8 26. Rcg1 f6 27. Ne2 Re7 28. Ng3 Rg8 29. Nf5 Nxf5 30. Bxf5 Rge8 31. Kd3 Bd6 32. Rc1 Rg7 33. Rc2 Rge7 34. Rb1 a5 35. Rcc1 Rc7 36. Rc2 (36. a3 $16) 36... b6 (36... Rce7 $1 $11) 37. Rbc1 {White is better.} c5 38. b3 Rd8 39. Rd1 {Precision: White = 70%, Black = 43%.} 1/2-1/2

[Event "22nd OIBM 2018"]
[Site "Gmund am Tegernsee"]
[Date "2018.10.31"]
[Round "5"]
[White "Hiemer, Bernd"]
[Black "Delitzsch, Juergen"]
[Result "0-1"]
[WhiteElo "2018"]
[BlackElo "2178"]
[Annotator "TA"]
[PlyCount "62"]
[EventDate "2018.10.27"]
[EventType "swiss"]
[EventCountry "GER"]
[SourceTitle "playchess.com"]
[Source "ChessBase"]
[SourceQuality "1"]

{[%evp 19,62,-44,-43,-51,-12,-8,-13,-17,0,-68,-28,-64,-63,-87,-56,-81,11,14,44,45,71,57,72,0,0,-258,-245,-308,-279,-284,-288,-391,-302,-270,-228,-237,-214,-551,-457,-415,-261,-998,-716,-918,-925]} 1. e4 c5 2. Nc3 Nc6 3. g3 g6 4. Bg2 Bg7 5. d3 d6 6. f4 e6 7. Nf3 Nge7 8. O-O O-O 9. g4 f5 10. h3 Rb8 11. Re1 {B25: Closed Sicilian: 3 g3, lines without early Be3} (11. Ne2 b5 12. Ng3 b4 13. a3 a5 14. axb4 axb4 15. gxf5 exf5 16. exf5 Nxf5 17. Nxf5 Bxf5 18. Ng5 Nd4 19. Ra7 {0-1 (28) Tiwari,A (2341)-Konguvel,P (2421) New Delhi 2010}) 11... fxg4 $146 ({Predecessor:} 11... Nd4 12. Ne2 Nxf3+ 13. Bxf3 b6 14. c3 Bb7 15. Ng3 d5 16. exf5 exf5 {½-½ (45) Borrink,J (2118)-Langhanke,G (2023) Germany 2014}) 12. hxg4 b5 13. Ne2 {The position is equal.} b4 14. Ng3 ({Better is} 14. c3 $11) 14... Bd7 15. Rf1 Nd4 16. Nh2 h6 17. Be3 Kh7 (17... Nec6 $17 18. e5 dxe5) 18. Qd2 $11 Ng8 19. c3 bxc3 20. bxc3 Nb5 21. Rfc1 (21. Rac1 $16) 21... Qa5 $1 $36 {[%cal Rg7c3][%mdl 2048] Black is more active.} 22. a4 $2 {[%mdl 8192] [#]} (22. e5 $11 {and White is okay.}) 22... Bxc3 $19 23. Qd1 Bxa1 24. Rxa1 Nd4 25. f5 g5 26. Nf3 Nxf3+ 27. Bxf3 exf5 28. Qe2 $2 {[#]} (28. gxf5 {is more resistant.} Qc3 29. Ne2) 28... Qc3 29. Rc1 Qa3 30. Qg2 $2 (30. exf5 Rfe8 31. Re1) 30... Qxd3 31. Re1 Rb1 {Precision: White = 25%, Black = 37%.} 0-1

[Event "22nd OIBM 2018"]
[Site "Gmund am Tegernsee"]
[Date "2018.10.31"]
[Round "5"]
[White "Ries, Berthold"]
[Black "Schatz, Christian"]
[Result "0-1"]
[WhiteElo "1862"]
[BlackElo "2153"]
[Annotator "TA"]
[PlyCount "41"]
[EventDate "2018.10.27"]
[EventType "swiss"]
[EventCountry "GER"]
[SourceTitle "playchess.com"]
[Source "ChessBase"]
[SourceQuality "1"]

{[%evp 15,41,56,75,78,92,82,71,0,0,0,0,0,0,-16,-8,-14,0,-76,-68,-87,-95,-83,-76,-570,-576,-544,-540,-824]} 1. e4 c5 2. Nc3 e6 3. Nge2 a6 4. g3 Nc6 5. Bg2 g6 6. d4 cxd4 7. Nxd4 Bg7 8. Nxc6 {B40: Sicilian: 2...e6, Unusual lines} (8. Nde2 d6 9. O-O Nf6 10. Bf4 Ne5 11. Qd2 O-O 12. b3 Qc7 13. Rad1 Ne8 14. Bh6 Bxh6 15. Qxh6 b5 {½-½ (36) Dzhumaev,M (2481)-Tillyaev,U (2346) Tashkent 2016}) 8... bxc6 {LiveBook: 5 Games} 9. O-O Ne7 10. Be3 {White is better.} d5 {[#] Threatens to win with ...d4.} 11. exd5 $146 (11. Na4 $16) ({Predecessor:} 11. Bc5 O-O 12. Na4 Rb8 13. c4 Re8 14. Rb1 Bb7 15. Re1 Ba8 {½-½ (70) Schlawin,M (2258)-Happel,H (2238) Dortmund 2003}) 11... cxd5 $11 12. Bd4 Bxd4 13. Qxd4 O-O 14. Rfe1 Rb8 15. Rab1 Bd7 16. f4 (16. Nd1 $11) 16... Nf5 $17 17. Qd2 Qb6+ 18. Qf2 Rfc8 19. Re2 $2 {[%mdl 8192]} (19. Bf1 $17) 19... Qxf2+ $19 20. Kxf2 {[#]} Rxc3 $1 {[%mdl 512]} 21. Ra1 (21. bxc3 Rxb1) 0-1

[Event "22nd OIBM 2018"]
[Site "Gmund am Tegernsee"]
[Date "2018.11.01"]
[Round "6"]
[White "Demchenko, Anton"]
[Black "Boehm, Martin"]
[Result "1-0"]
[WhiteElo "2679"]
[BlackElo "2195"]
[Annotator "TA"]
[PlyCount "43"]
[EventDate "2018.10.27"]
[EventType "swiss"]
[EventCountry "GER"]
[SourceTitle "playchess.com"]
[Source "ChessBase"]
[SourceQuality "1"]

{[%evp 18,43,43,47,69,36,51,54,51,55,58,59,223,194,254,255,483,467,847,790,1277,714,587,550,29989,29990,29993,29994]} 1. e4 b6 2. d4 Bb7 3. Bd3 e6 4. Nf3 c5 5. c3 Nf6 6. Qe2 d5 7. e5 {B00: Queen's Fianchetto Defence, Nimzowitsch Defence} Ne4 8. Nbd2 Nxd2 9. Bxd2 Be7 (9... Nc6 10. a3 Be7 11. b4 Rc8 12. O-O O-O 13. Rfe1 Qd7 14. h4 cxd4 15. cxd4 {½-½ (47) Grischuk,A (2766)-Nepomniachtchi,I (2757) chess.com INT 2018}) 10. h4 {LiveBook: 5 Games} Qc8 11. b4 Ba6 12. b5 c4 13. Bc2 Bxb5 14. Ng5 Kf8 $146 ({Black should try} 14... Bxg5 $14 15. hxg5 Kd7) ({Predecessor:} 14... Ba3 15. Nxh7 {1-0 (32) Markgraf,A (2447)-Heinemann,E (2216) Verden 2008}) 15. Nxh7+ Kg8 {[#]} (15... Ke8 $142 16. Qg4 g6) 16. Ng5 $1 $18 Be8 $2 (16... Nd7 {was worth a try.} 17. Qf3 Qf8) 17. h5 {[%cal Bh4h5,Bh5h6][%mdl 32]} b5 {[#]} (17... Rh6 $142 18. Qg4 Kh8) 18. h6 $1 {[%mdl 512]} b4 {[#]} (18... gxh6 19. Nh7) 19. Bh7+ $1 {[%mdl 512]} Rxh7 20. Nxh7 bxc3 21. hxg7 cxd2+ 22. Qxd2 {Precision: White = 92%, Black = 11%.} 1-0

[Event "22nd OIBM 2018"]
[Site "Gmund am Tegernsee"]
[Date "2018.11.01"]
[Round "6"]
[White "Nisipeanu, Liviu-Dieter"]
[Black "Gopal G.N."]
[Result "1/2-1/2"]
[WhiteElo "2667"]
[BlackElo "2578"]
[Annotator "TA"]
[PlyCount "55"]
[EventDate "2018.10.27"]
[EventType "swiss"]
[EventCountry "GER"]
[SourceTitle "playchess.com"]
[Source "ChessBase"]
[SourceQuality "1"]

{[%evp 20,55,6,0,27,31,24,22,17,-9,0,0,0,0,0,0,0,0,0,0,34,37,45,38,38,48,43,43,42,43,71,69,74,41,54,9,16,0]} 1. e4 c5 2. Nf3 d6 3. d4 cxd4 4. Nxd4 Nf6 5. Nc3 a6 6. Be3 e5 7. Nf3 Be7 8. Bc4 O-O 9. O-O Be6 10. Bb3 b5 {B90: Sicilian Najdorf: Unusual White 6th moves, 6 Be3 Ng4 and 6 Be3 e5} 11. Re1 {LiveBook: 6 Games} Qc7 12. Nh4 $146 ({Predecessor:} 12. h3 Rc8 13. a3 Nbd7 14. Bg5 Nb6 15. Nd2 h6 16. Bxf6 Bxf6 17. Nf1 Bg5 18. Ne3 Bxe3 19. Rxe3 {½-½ (30) Satyapragyan,S (2370)-Xu,J (2589) Singapore 2004}) 12... g6 {White is slightly better.} 13. Bh6 Re8 14. Re3 b4 15. Nd5 Nxd5 16. Bxd5 Bxd5 17. Qxd5 Qc6 18. Nf5 Qxd5 ({Weaker is} 18... gxf5 19. Rg3+ Bg5 20. Rxg5+ Kh8 21. Qxf7 fxe4 22. Bg7#) 19. exd5 f6 (19... gxf5 $5 20. Rg3+ $8 Kh8 21. Bg7+ Kg8 22. Bxe5+ Kf8 23. Bg7+ Kg8 24. Bh6+ Kh8 $16) 20. Nxe7+ Rxe7 21. a3 Rc7 22. axb4 Rxc2 23. Rc3 Rxc3 24. bxc3 Nd7 25. Be3 f5 26. g3 Kf7 27. Ra5 {Threatens to win with b5.} Nf6 $1 28. c4 {Precision: White = 61%, Black = 53%.} 1/2-1/2

[Event "22nd OIBM 2018"]
[Site "Gmund am Tegernsee"]
[Date "2018.11.01"]
[Round "6"]
[White "Kovalenko, Igor"]
[Black "Fier, Alexandr"]
[Result "1/2-1/2"]
[WhiteElo "2646"]
[BlackElo "2558"]
[Annotator "TA"]
[PlyCount "95"]
[EventDate "2018.10.27"]
[EventType "swiss"]
[EventCountry "GER"]
[SourceTitle "playchess.com"]
[Source "ChessBase"]
[SourceQuality "1"]

{[%evp 9,95,-45,-20,-35,-29,-60,-43,-40,-16,-16,-22,-22,-19,-27,16,11,12,8,12,13,18,18,18,13,13,13,14,14,20,20,23,4,12,0,0,0,0,0,0,0,0,0,4,0,7,0,7,0,0,0,10,0,0,0,0,0,0,0,0,0,0,0,0,0,0,0,0,0,0,0,0,0,0,-13,-17,-29,0,0,0,0,0,0,0,0,0,0,0,0]} 1. Nf3 c5 2. b3 Nf6 3. Bb2 g6 4. Bxf6 (4. c4 Bg7 5. g3 O-O 6. Bg2 Nc6 7. O-O d6 8. d4 Ne4 9. e3 f5 10. Nbd2 e5 11. dxe5 Nxd2 12. Qxd2 dxe5 13. Qd5+ Qxd5 14. cxd5 Nb4 15. Nxe5 Re8 16. Nc4 Bxb2 17. Nxb2 b6 18. a3 {1-0 (38) Wojtaszek,R (2736)-Sadzikowski,D (2584) Katowice 2017}) 4... exf6 5. g3 $146 ({Vorgänger:} 5. c4 d5 6. cxd5 Qxd5 7. e3 Nc6 8. Nc3 Qd8 9. Rc1 Bd7 10. Bc4 Be7 11. O-O O-O {½-½ (35) Moskalenko,A (2522)-Kryakvin,D (2580) Taganrog 2018}) 5... Bg7 6. Bg2 {A05: Übergänge in verschiedene Eröffnungen} f5 7. c3 O-O 8. O-O {Schwarz steht etwas besser.} d6 9. d4 Nd7 10. c4 Nf6 11. Nc3 d5 12. cxd5 Nxd5 13. Nxd5 Qxd5 14. e3 Qd6 15. Rc1 cxd4 16. Nxd4 Rd8 17. Ne2 Qb6 18. Qc2 Bd7 19. Nf4 Rac8 20. Qb1 Bc6 (20... Be5 {seems wilder.} 21. Rfd1 Bxf4 22. exf4 Bc6 23. Qc2 Rxd1+ 24. Rxd1 Qc7) 21. Rfd1 Bxg2 22. Kxg2 Rxc1 23. Qxc1 Rxd1 24. Qxd1 Qc6+ 25. Nd5 Qc5 26. Qd3 b5 27. h3 h5 28. Kf3 a6 29. Nf4 Be5 30. Nd5 Kg7 31. Kg2 Qa3 32. Qd2 Bb2 33. Nb4 a5 34. Nd3 Bf6 35. Nf4 Be5 36. Nd3 Bf6 37. h4 a4 38. Qc2 axb3 39. axb3 Qa8+ 40. Kf1 Qe4 41. Ke2 {[#]} f4 $1 {[%mdl 512]} 42. gxf4 (42. Nxf4 Qxc2+) 42... Bxh4 43. Qc5 {Die Stellung ist ausgeglichen.} Qg2 (43... Qb7 {is interesting.} 44. f5 Be7 45. Qe5+ Bf6 46. Qe8 g5) 44. Qxb5 Qg4+ 45. Kf1 Qh3+ 46. Ke2 Qg4+ 47. Kf1 Qh3+ 48. Ke2 {Precision: Weiß = 56%, Schwarz = 65%.} 1/2-1/2

[Event "22nd OIBM 2018"]
[Site "Gmund am Tegernsee"]
[Date "2018.11.01"]
[Round "6"]
[White "Hovhannisyan, Robert"]
[Black "Santos Latasa, Jaime"]
[Result "1-0"]
[WhiteElo "2621"]
[BlackElo "2572"]
[Annotator "TA"]
[PlyCount "101"]
[EventDate "2018.10.27"]
[EventType "swiss"]
[EventCountry "GER"]
[SourceTitle "playchess.com"]
[Source "ChessBase"]
[SourceQuality "1"]

{[%evp 25,101,0,13,5,34,22,29,46,29,28,30,33,39,28,28,28,28,28,36,35,37,-1,-1,-2,0,0,0,0,0,0,0,0,0,0,0,0,0,0,0,12,12,19,23,38,31,34,33,33,35,39,93,90,568,568,568,568,568,568,12200,5628,29947,5704,29949,29954,4863,12814,29968,29969,29970,29971,29963,29969,29979,29980,29980,29981,29946,12847]} 1. e4 c5 2. Nf3 d6 3. d4 cxd4 4. Nxd4 Nf6 5. Nc3 a6 6. Be2 e5 7. Nb3 Be7 8. Be3 Be6 9. Qd3 O-O 10. O-O Nbd7 11. Nd5 Bxd5 12. exd5 Ne8 {B92: Sicilian Najdorf: 6 Be2} (12... Rc8 13. c4 Ne8 14. f3 g6 15. Kh1 Ng7 16. Bg1 Bg5 17. Rad1 h5 18. Nd2 f5 19. b4 h4 20. c5 dxc5 21. d6 cxb4 {1-0 (45) Karjakin,S (2782)-Grischuk,A (2766) Paris 2018}) 13. a4 Bg5 {LiveBook: 3 Games} (13... g6 {seems wilder.} 14. a5 f5 15. Bh6 Rf7 16. Qd2 Rc8) 14. a5 Bxe3 {The position is equal.} 15. Qxe3 f5 16. f4 $146 ({Predecessor:} 16. c4 Nef6 17. Rfe1 Rc8 18. Nd2 Qe8 19. Rad1 Qg6 20. Qa3 {½-½ (32) Tyutyunnik,R (1969)-Schubert,V (1881) LSS email 2013}) 16... Qf6 17. fxe5 Qxe5 18. Qxe5 Nxe5 19. Nd4 g6 $1 20. c4 Rc8 21. Rac1 Nf6 22. b4 Rfe8 23. Rfe1 {[#]} (23. Ne6 {keeps more tension.} Kf7 24. Rfd1 h6 25. Re1 Rh8 26. h3) 23... Nxc4 $1 {[%mdl 512]} 24. Nc6 $1 (24. Rxc4 Rxc4) 24... bxc6 25. Bxc4 Rxe1+ 26. Rxe1 Nxd5 $11 {[%mdl 4096] Endgame ...Kf8 is the strong threat. KRB-KRN} 27. Re7 Kf8 28. Rxh7 Rc7 $1 {[%cal Rc7h7]} 29. Rh8+ Kg7 30. Rb8 Ra7 31. Bxd5 cxd5 {KR-KR} 32. Rb6 Kf6 $1 33. Rxd6+ Ke5 34. Rxg6 {Strongly threatening Kf2.} d4 35. Kf2 {Threatens to win with h4.} Kd5 36. h4 {[%cal Bh2h4,Bh4h5,Bh5h6,Bh6h7][%mdl 32] Hoping for h5.} Kc4 37. h5 {aiming for h6.} Kxb4 ({Black should play} 37... Re7 $1 $14) 38. h6 Kxa5 $2 {[%mdl 8192]} (38... Re7 $16) 39. Rg7 $18 Ra8 {[#]} 40. h7 $1 {Black must now prevent Rg8.} Rh8 41. Rb7 Ka4 42. Ke2 a5 43. Kd3 Rd8 44. Rg7 Rh8 45. Kxd4 Kb3 46. Ke5 {White mates.} a4 47. Kxf5 a3 48. Rb7+ Kc2 49. Ra7 Kb3 50. Kg6 a2 {[#]} 51. Rxa2 $1 {[%mdl 512] Precision: White = 92%, Black = 41%.} 1-0

[Event "22nd OIBM 2018"]
[Site "Gmund am Tegernsee"]
[Date "2018.11.01"]
[Round "6"]
[White "Banusz, Tamas"]
[Black "Zude, Arno"]
[Result "1-0"]
[WhiteElo "2606"]
[BlackElo "2349"]
[Annotator "TA"]
[PlyCount "109"]
[EventDate "2018.10.27"]
[EventType "swiss"]
[EventCountry "GER"]
[SourceTitle "playchess.com"]
[Source "ChessBase"]
[SourceQuality "1"]

{[%evp 15,109,18,32,27,62,40,26,0,0,0,16,-19,-1,-17,-7,-35,-12,-20,-18,-25,-11,-63,-56,-118,-38,-46,-19,-31,-26,-45,-39,-34,0,0,0,0,49,47,49,41,45,52,50,37,88,8,4,3,3,0,-4,-16,-10,-16,146,146,142,146,146,146,146,146,239,241,229,220,198,207,284,294,288,293,337,331,314,299,865,800,879,866,1570,1460,4160,4160,4155,4155,4155,4154,4154,4154,4154,4154,4153,4153,4149,4149]} 1. d4 Nf6 2. Nf3 e6 3. g3 d5 4. Bg2 b5 5. O-O Bb7 6. a4 {A46: 1 d4 Nf6 2 Nf3 e6: Torre, London and Colle Systems} (6. Bg5 Nbd7 7. e4 dxe4 8. Nfd2 h6 9. Bxf6 Nxf6 10. Qe2 a6 11. Nxe4 Bxe4 12. Bxe4 Nxe4 13. Qxe4 Qd5 {½-½ (62) Aronian,L (2784)-Dominguez Perez,L (2732) Skopje 2015}) 6... b4 7. c4 bxc3 8. Nxc3 Nbd7 {LiveBook: 4 Games} 9. a5 a6 10. Qa4 c5 11. dxc5 Bxc5 12. Bf4 $146 ({Predecessor:} 12. b4 Bd6 13. Ba3 O-O {½-½ (69) Kapanen,K-Kononen,K Finland 2002}) 12... O-O 13. b4 Be7 14. Rac1 Rc8 15. Na2 h6 16. h3 Rxc1 17. Rxc1 Qa8 18. g4 (18. Ne5 $11 Nxe5 19. Bxe5) 18... Rc8 19. Qd1 {[#]} (19. Qb3 $15) 19... Ne4 (19... Rxc1 $1 $17 20. Bxc1 e5) 20. e3 Bf6 {White should prevent ...Rxc1.} 21. Rxc8+ Qxc8 22. Qc1 Qxc1+ 23. Nxc1 Bc3 24. Na2 Bb2 25. Bc7 e5 26. Bf1 f6 27. b5 axb5 28. Bxb5 Ndc5 29. Ne1 Ba6 {[#]} ({Black should play} 29... Ne6 $14 30. Bb6 Nd6) 30. Bxa6 (30. Bc6 $1 $16) 30... Nxa6 $11 31. Bb6 Ba3 32. Nc2 Bd6 33. f3 Nd2 34. Nc3 d4 $2 (34... Kf7 $11) 35. exd4 $16 Nxf3+ 36. Kf2 Nxd4 37. Nxd4 exd4 {[%mdl 4096] Endgame KBN-KBN} 38. Nb5 ({Worse is} 38. Bxd4 Bb4 $17) 38... Bb8 (38... Be5 $16) 39. Nxd4 $18 (39. Bxd4 Kf8 $16) 39... Kf7 40. Ke3 Nb4 41. Ke4 g6 42. Bc5 Na6 43. Kd5 Bg3 44. Bb6 Be1 45. Kc6 h5 $2 (45... Nb8+ 46. Kb5 h5 47. gxh5 gxh5) 46. Nb3 {White is clearly winning.} hxg4 47. hxg4 Ke6 48. Kb7 Bxa5 49. Bxa5 ({Less strong is} 49. Nxa5 Nb4 $16) 49... Ke5 50. Kxa6 Kf4 51. Bd8 Kxg4 52. Bxf6 g5 53. Nd2 Kf4 54. Nf1 g4 55. Bd8 {Precision: White = 60%, Black = 26%.} 1-0

[Event "22nd OIBM 2018"]
[Site "Gmund am Tegernsee"]
[Date "2018.11.01"]
[Round "6"]
[White "Braun, Arik"]
[Black "Ehrke, Michael"]
[Result "1-0"]
[WhiteElo "2603"]
[BlackElo "2212"]
[Annotator "TA"]
[PlyCount "65"]
[EventDate "2018.10.27"]
[EventType "swiss"]
[EventCountry "GER"]
[SourceTitle "playchess.com"]
[Source "ChessBase"]
[SourceQuality "1"]

{[%evp 22,65,66,63,98,88,110,57,54,67,57,46,65,35,54,31,31,15,3,21,88,70,104,103,97,110,131,121,124,123,115,118,119,115,130,122,124,115,115,115,116,117,123,123,124,70]} 1. d4 d5 2. c4 e6 3. Nc3 c5 4. cxd5 exd5 5. Nf3 Nc6 6. g3 Nf6 7. Bg2 Be7 8. O-O O-O 9. dxc5 Bxc5 10. Bf4 Be6 11. Rc1 Be7 {D34: Tarrasch Defence: 6 g3 Nf6 7 Bg2 Be7} 12. Nd4 {LiveBook: 8 Games} Re8 $146 ({Predecessor:} 12... Qd7 13. Nxe6 fxe6 14. Bh3 Nh5 15. e3 Nxf4 16. exf4 Bf6 17. Re1 Rae8 18. Nxd5 Qxd5 19. Bxe6+ Qxe6 20. Rxe6 Rxe6 {1-0 (32) Stupak,K (2542)-Winterberg,L (2321) Boeblingen 2015}) 13. Ncb5 Nh5 14. Be3 ({Don't play} 14. Nxc6 $6 bxc6 15. Nd4 (15. Rxc6 Nxf4 16. gxf4 Bd7 $11) 15... Nxf4 $11) (14. Nxe6 $16 fxe6 15. Be3) 14... Qd7 $1 $14 15. Nxc6 bxc6 16. Nd4 Rec8 17. Nb3 Bh3 18. Qd3 Nf6 19. Rfd1 Bxg2 20. Kxg2 Qg4 (20... a5 $11 {keeps the balance.}) 21. Qa6 Qd7 22. Rc2 Ne4 23. Rdc1 Bf6 24. Rxc6 Rxc6 {White is better.} 25. Qxc6 Qxc6 26. Rxc6 Bxb2 27. Ra6 Be5 28. Kf3 Nc3 29. Bd4 Bxd4 30. Nxd4 h5 31. Ra3 Nb1 32. Ra5 Nc3 33. Nc6 {Precision: White = 46%, Black = 65%.} (33. a4 $16) 1-0

[Event "22nd OIBM 2018"]
[Site "Gmund am Tegernsee"]
[Date "2018.11.01"]
[Round "6"]
[White "Papp, Gabor"]
[Black "Halkias, Stelios"]
[Result "1-0"]
[WhiteElo "2591"]
[BlackElo "2544"]
[Annotator "TA"]
[PlyCount "169"]
[EventDate "2018.10.27"]
[EventType "swiss"]
[EventCountry "GER"]
[SourceTitle "playchess.com"]
[Source "ChessBase"]
[SourceQuality "1"]

{[%evp 32,169,23,26,54,54,52,66,60,40,38,-16,58,35,33,37,16,20,22,15,81,45,79,78,79,25,23,20,41,0,0,0,0,0,0,0,92,92,162,151,159,152,155,130,143,145,152,150,150,150,150,149,173,173,180,177,178,160,160,160,193,193,193,193,193,193,200,200,200,187,200,188,214,200,207,200,200,200,214,200,207,200,200,0,200,187,200,200,200,200,200,200,200,200,200,200,256,200,200,200,200,200,200,200,200,200,200,200,200,200,497,200,306,298,279,281,264,250,258,229,492,360,750,677,658,644,618,593,596,568,1012,1001,1001,1006,959,1204,29976,29977,29965,1373]} 1. d4 Nf6 2. Nf3 e6 3. c4 c5 4. d5 d6 5. Nc3 exd5 6. cxd5 g6 7. Bf4 Bg7 8. Qa4+ Bd7 9. Qb3 b5 {[%cal Bb7b5,Bb5b4][%mdl 32]} 10. Bxd6 Qb6 11. Be5 O-O 12. e3 c4 13. Qd1 {A61: Modern Benoni: Nf3 without early e4} b4 14. Nb1 Rc8 15. Nbd2 Bb5 16. a4 bxa3 17. Rxa3 {LiveBook: 3 Games} Nbd7 (17... Bf8 18. Bd4 Qb7 19. Ra1 Nxd5 20. Be2 Nc6 {½-½ (59) Nakamura,H (2791)-Caruana,F (2807) Saint Louis 2016 CBM 174 [Iotov,V]}) 18. Bd4 Qb7 {[#]} 19. Be2 $146 ({Predecessor:} 19. d6 Bf8 20. Be2 Bxd6 {½-½ (30) Yilmaz,M (2633)-Adly,A (2625) Beirut 2017}) 19... Bf8 20. Ra1 Nxd5 21. Rc1 (21. O-O $14) 21... N7b6 (21... Nc5 $11 22. Bxc5 (22. Bxc4 $2 Nd3+ 23. Bxd3 Rxc1 $19) (22. Nxc4 $2 Ba4 $19) 22... Bxc5 23. Nxc4 Rd8) 22. Ne4 Re8 23. Nc3 Nxc3 24. bxc3 Ba4 25. Qd2 Rad8 (25... Bb3 $11) 26. O-O Bb3 27. Ra1 Rd5 28. Qc1 (28. Qb2 $16) 28... a5 $11 29. Nd2 Qc7 30. Nxb3 cxb3 31. Qb2 $1 {[%cal Rb2b3]} a4 32. Bxb6 $1 Qxb6 33. Rxa4 Bg7 (33... Rb8 $11 {remains equal.}) 34. Ra3 $16 Rc5 (34... Qd6 $16) 35. Rxb3 $18 Qf6 36. Rc1 $1 h5 37. Rb8 Rcc8 38. Rb6 Re6 {[#]} 39. Rxe6 $1 Qxe6 40. Qd2 Bf8 41. c4 Bc5 42. h4 Qf6 43. g3 Rb8 44. Qc3 Qxc3 45. Rxc3 $16 {[%mdl 4096] Endgame KRB-KRB} Kf8 46. Rc2 Ke7 47. Bf3 Rb3 48. Bd5 Ra3 49. Rb2 {Black must now prevent Rb7+.} Ra7 50. Kg2 Rc7 51. Rb8 Ba7 52. Ra8 Bc5 53. Kf3 Bd6 54. Ke2 Bc5 55. Kd3 Bb4 56. Rb8 Bd6 57. Ra8 Bb4 $1 58. Ra6 Be1 59. Ke2 Bb4 60. f4 Bc5 61. Ra5 Bb6 62. Rb5 Bc5 63. Kf3 f5 64. Ra5 Kf6 65. e4 {[%cal Be3e4,Be4e5][%mdl 32]} Bd4 66. e5+ Kg7 67. Ke2 Bg1 68. Ra8 Bc5 69. Rg8+ Kh7 70. Rd8 Be7 $2 {[#]} (70... Kg7 71. Rg8+ Kh6 72. Rh8+ Kg7 73. Rg8+) 71. Re8 (71. Rd6 $142 $1) 71... Kg7 (71... Bb4 $142 72. Rb8 Bc5) 72. Rg8+ $18 Kh7 73. Bf7 Rc6 74. Kd3 Bc5 75. e6 Rd6+ $2 (75... Rc7 76. Ke2 (76. Rxg6 Rxf7 77. Rg5 Rf8 $11) 76... Bb4) 76. Ke2 {aiming for e7.} Rb6 $2 (76... Rd4 77. Rxg6 Be7) 77. Rxg6 Rb2+ 78. Kd3 Rb3+ 79. Kc2 Re3 80. Rg5 Be7 81. Rxh5+ Kg7 82. Rxf5 Rxg3 83. h5 Rh3 84. Bg6 Bf6 85. Rc5 {Precision: White = 64%, Black = 43%.} (85. e7 $142 Rh2+ 86. Kd3 Bxe7 87. Rf7+ Kg8 88. Rxe7 Rh3+ 89. Kd4 Rh1 90. c5 Rd1+ 91. Ke5) 1-0